[Event "Winnipeg TNT Autumn op"]
[Site "Winnipeg CAN"]
[Date "1999.09.21"]
[Round "2"]
[White "Klokow, John"]
[Black "Schulz, Waldemar"]
[Result "0-1"]
[WhiteElo "1737"]
[BlackElo "2082"]
[PlyCount "46"]
[GameId "2160767911742159"]
[EventDate "1999.09.14"]
[EventType "swiss"]
[EventRounds "6"]
[EventCountry "CAN"]

1. e4 c5 2. Nf3 e6 3. d4 cxd4 4. Nxd4 a6 5. Nc3 Bb4 6. Bd2 Qb6 7. Nb3 Nf6 8. Bd3 Nc6 9. O-O O-O 10. Qe2 Qc7 11. Rae1 Bxc3 12. Bxc3 e5 13. f4 d6 14. f5 Re8 15. g4 d5 16. g5 Nxe4 17. Bxe4 dxe4 18. Qxe4 b5 19. Bd2 Rb8 20. Rf4 Bb7 21. Nc5 Qb6 22. b4 Nxb4 23. Qxb4 exf4 0-1

[Event "Winnipeg TNT Autumn op"]
[Site "Winnipeg CAN"]
[Date "1999.09.21"]
[Round "2"]
[White "Milord, Frank"]
[Black "Xia, Yanchong"]
[Result "1/2-1/2"]
[WhiteElo "1725"]
[BlackElo "1802"]
[PlyCount "43"]
[GameId "2160767911742160"]
[EventDate "1999.09.14"]
[EventType "swiss"]
[EventRounds "6"]
[EventCountry "CAN"]

1. d3 g6 2. e4 Bg7 3. Nf3 d6 4. d4 Nf6 5. Nc3 O-O 6. h3 Nbd7 7. Be3 e5 8. dxe5 Nxe5 9. Nxe5 dxe5 10. Bd3 Be6 11. O-O Ne8 12. Qe2 Nd6 13. Rad1 Qe7 14. Qd2 Rad8 15. Qc1 f5 16. Bg5 Bf6 17. Bxf6 Qxf6 18. f4 fxe4 19. Bxe4 exf4 20. Bd5 Bxd5 21. Nxd5 Qf7 22. Rxf4 1/2-1/2

[Event "Winnipeg TNT Autumn op"]
[Site "Winnipeg CAN"]
[Date "1999.09.28"]
[Round "3"]
[White "Charter, Bennet"]
[Black "Greenberg, Harley"]
[Result "1-0"]
[WhiteElo "1690"]
[BlackElo "1715"]
[PlyCount "91"]
[GameId "2160767911742161"]
[EventDate "1999.09.14"]
[EventType "swiss"]
[EventRounds "6"]
[EventCountry "CAN"]

1. e4 d6 2. d4 Nf6 3. Nc3 g6 4. Nf3 Bg7 5. h3 a6 6. a4 b6 7. Bd3 Bb7 8. O-O O-O 9. Re1 Nbd7 10. Bc4 Nxe4 11. Bxf7+ Rxf7 12. Nxe4 Qf8 13. Neg5 Bxf3 14. Nxf3 e5 15. Be3 Re8 16. Ra3 Rfe7 17. d5 e4 18. Nd4 Ne5 19. Ne6 Qf5 20. Nxg7 Rxg7 21. Bd4 Rf7 22. Qe2 Nf3+ 23. Rxf3 exf3 24. Qxe8+ Rf8 25. Qe6+ Qxe6 26. Rxe6 fxg2 27. Kxg2 Rf5 28. Be3 Rxd5 29. Re7 c5 30. Ra7 b5 31. Rxa6 bxa4 32. Rxa4 h5 33. Ra5 Rd1 34. Ra3 c4 35. b3 cxb3 36. Rxb3 Ra1 37. Rb6 Rd1 38. c4 Kf7 39. Kf3 d5 40. Rd6 Rh1 41. Kg2 Rd1 42. Rxd5 Rxd5 43. cxd5 Kf6 44. Bf4 g5 45. Bb8 Ke7 46. Kg3 1-0

[Event "Winnipeg TNT Autumn op"]
[Site "Winnipeg CAN"]
[Date "1999.09.28"]
[Round "3"]
[White "Czypinski, Jaroslaw"]
[Black "Schulz, Waldemar"]
[Result "1/2-1/2"]
[WhiteElo "1953"]
[BlackElo "2082"]
[PlyCount "111"]
[GameId "2160767911742162"]
[EventDate "1999.09.14"]
[EventType "swiss"]
[EventRounds "6"]
[EventCountry "CAN"]

1. d4 g6 2. e4 Bg7 3. Nc3 d6 4. Nf3 Bg4 5. Be3 Nc6 6. Be2 a6 7. h3 Bxf3 8. Bxf3 e5 9. dxe5 Nxe5 10. Be2 Ne7 11. Qd2 O-O 12. Bh6 N7c6 13. Bxg7 Kxg7 14. Nd5 Rc8 15. O-O-O Ne7 16. f4 Nxd5 17. fxe5 Nb6 18. exd6 cxd6 19. h4 Nc4 20. Qd4+ Ne5 21. Qxd6 Qxd6 22. Rxd6 Nc4 23. Rd7 Ne3 24. Rd2 Rfe8 25. Bf3 Nc4 26. Rd7 Ne3 27. Rd2 Re7 28. Re2 Nc4 29. Rd1 Ne5 30. Red2 Rec7 31. Be2 b5 32. Kb1 Nc4 33. Rd7 Ne3 34. Rxc7 Rxc7 35. Rd2 Nxg2 36. Bxb5 axb5 37. Rxg2 Rc4 38. h5 Rxe4 39. c3 f5 40. hxg6 hxg6 41. Kc2 Kf6 42. Kd3 g5 43. b3 g4 44. c4 bxc4+ 45. bxc4 Kg5 46. c5 Re8 47. Re2 Ra8 48. Ke3 Ra3+ 49. Kd4 g3 50. c6 Kf4 51. c7 Ra8 52. Rc2 Rc8 53. Kd5 Kf3 54. Rc3+ Kf2 55. Rc2+ Kf3 56. Rc3+ 1/2-1/2

[Event "Winnipeg TNT Autumn op"]
[Site "Winnipeg CAN"]
[Date "1999.09.28"]
[Round "3"]
[White "Klokow, John"]
[Black "Milord, Frank"]
[Result "0-1"]
[WhiteElo "1737"]
[BlackElo "1725"]
[PlyCount "34"]
[GameId "2160767911742163"]
[EventDate "1999.09.14"]
[EventType "swiss"]
[EventRounds "6"]
[EventCountry "CAN"]

1. e4 d6 2. d4 Nf6 3. Nc3 g6 4. f4 Bg7 5. Nf3 c5 6. Bb5+ Bd7 7. O-O Bxb5 8. Nxb5 Nxe4 9. Re1 Qd7 10. Qd3 a6 11. Qxe4 axb5 12. dxc5 Ra4 13. Qd5 dxc5 14. Qxc5 Rc4 15. Rxe7+ Qxe7 16. Qxb5+ Rc6 17. Bd2 Qc5+ 0-1

[Event "Winnipeg TNT Autumn op"]
[Site "Winnipeg CAN"]
[Date "1999.09.28"]
[Round "3"]
[White "Xia, Yanchong"]
[Black "Moffat, Ron"]
[Result "0-1"]
[WhiteElo "1802"]
[BlackElo "1708"]
[PlyCount "87"]
[GameId "2160767911742164"]
[EventDate "1999.09.14"]
[EventType "swiss"]
[EventRounds "6"]
[EventCountry "CAN"]

1. e4 c5 2. Nf3 e6 3. d4 cxd4 4. Nxd4 a6 5. Nc3 Qc7 6. Bd3 b5 7. O-O Bb7 8. Qe2 Nc6 9. Nxc6 Bxc6 10. Nd5 Bxd5 11. exd5 Nf6 12. dxe6 dxe6 13. Qf3 Rc8 14. Bf4 Bd6 15. Bxd6 Qxd6 16. Rad1 Qc6 17. Qxc6+ Rxc6 18. Rd2 Ke7 19. Rfd1 Rd6 20. Kf1 Rhd8 21. Ke1 h6 22. c4 bxc4 23. Bxc4 a5 24. a3 Ng4 25. Rxd6 Rxd6 26. Rxd6 Kxd6 27. b4 axb4 28. axb4 Ne5 29. Ba6 Kc6 30. Ke2 Kb6 31. b5 Nc4 32. Kd3 Nd6 33. Kd4 f6 34. f4 g5 35. fxg5 hxg5 36. g3 g4 37. Ke3 e5 38. Kd3 f5 39. Ke3 Nxb5 40. Bc8 Nd6 41. Bxf5 Nxf5+ 42. Ke4 Nd4 43. Kxe5 Nf3+ 44. Kf4 0-1

[Event "Winnipeg TNT Autumn op"]
[Site "Winnipeg CAN"]
[Date "1999.10.05"]
[Round "4"]
[White "Moffat, Ron"]
[Black "Czypinski, Jaroslaw"]
[Result "0-1"]
[WhiteElo "1708"]
[BlackElo "1953"]
[PlyCount "62"]
[GameId "2160767911742165"]
[EventDate "1999.09.14"]
[EventType "swiss"]
[EventRounds "6"]
[EventCountry "CAN"]

1. d4 Nf6 2. c4 e6 3. Nc3 Bb4 4. e3 c5 5. Nf3 d5 6. Be2 O-O 7. O-O cxd4 8. Nxd4 Bxc3 9. bxc3 Nbd7 10. Ba3 Re8 11. Nb5 Ne4 12. cxd5 a6 13. Nd6 Nxd6 14. Bxd6 exd5 15. Qxd5 Nf6 16. Qd1 Be6 17. Be5 Rc8 18. Bf3 Bc4 19. Qxd8 Rcxd8 20. Bxf6 gxf6 21. Rfd1 Rxd1+ 22. Rxd1 b5 23. a3 Re7 24. Rd6 Rc7 25. Rxa6 Kg7 26. g3 b4 27. Ra8 bxc3 28. Bd1 Bd3 29. a4 c2 30. Bxc2 Bxc2 31. a5 Be4 0-1

[Event "Winnipeg TNT Autumn op"]
[Site "Winnipeg CAN"]
[Date "1999.10.05"]
[Round "4"]
[White "Schulz, Waldemar"]
[Black "Milord, Frank"]
[Result "1-0"]
[WhiteElo "2082"]
[BlackElo "1725"]
[PlyCount "49"]
[GameId "2160767911742166"]
[EventDate "1999.09.14"]
[EventType "swiss"]
[EventRounds "6"]
[EventCountry "CAN"]

1. Nf3 c5 2. g3 Nc6 3. d4 cxd4 4. Nxd4 Nf6 5. Bg2 Qb6 6. Nb3 e6 7. O-O d5 8. Be3 Qc7 9. Nc3 a6 10. Na4 Bd6 11. Bb6 Qe7 12. c4 dxc4 13. Bxc6+ bxc6 14. Na5 Nd5 15. Nxc4 Bc7 16. Bc5 Qd8 17. e4 Ne7 18. Qxd8+ Bxd8 19. Nd6+ Kf8 20. Rfd1 h5 21. Rd2 g5 22. Rad1 Kg7 23. Nxf7 Kxf7 24. Rxd8 Bb7 25. Rxh8 1-0

[Event "Winnipeg TNT Autumn op"]
[Site "Winnipeg CAN"]
[Date "1999.10.05"]
[Round "4"]
[White "Trueman, Francis"]
[Black "Klokow, John"]
[Result "0-1"]
[WhiteElo "1504"]
[BlackElo "1737"]
[PlyCount "56"]
[GameId "2160767911742167"]
[EventDate "1999.09.14"]
[EventType "swiss"]
[EventRounds "6"]
[EventCountry "CAN"]

1. Nf3 d5 2. d3 c6 3. Nbd2 Bg4 4. g3 Nd7 5. Bg2 e6 6. O-O Bd6 7. Re1 Qc7 8. e4 O-O-O 9. c3 Ngf6 10. Qc2 Rhe8 11. b4 e5 12. a4 c5 13. b5 c4 14. Ba3 Bxa3 15. Rxa3 cxd3 16. Qxd3 Nc5 17. Qc2 Ncxe4 18. a5 Nxf2 19. Nb3 N2e4 20. b6 axb6 21. a6 bxa6 22. Rxa6 Kb7 23. Rb1 Kxa6 24. Qa2+ Kb7 25. Bf1 Bxf3 26. Na5+ Kb8 27. Nb3 Qa7 28. Na5 b5+ 0-1

[Event "Winnipeg TNT Autumn op"]
[Site "Winnipeg CAN"]
[Date "1999.10.05"]
[Round "4"]
[White "Xia, Yanchong"]
[Black "Charter, Bennet"]
[Result "1-0"]
[WhiteElo "1802"]
[BlackElo "1690"]
[PlyCount "75"]
[GameId "2160767911742168"]
[EventDate "1999.09.14"]
[EventType "swiss"]
[EventRounds "6"]
[EventCountry "CAN"]

1. e4 e6 2. d4 d5 3. e5 c5 4. c3 Nc6 5. Nf3 Bd7 6. Be2 Nge7 7. Na3 cxd4 8. cxd4 Nf5 9. Nc2 Qb6 10. O-O Rc8 11. b3 Nb4 12. Ne3 Nxe3 13. Bxe3 Be7 14. Ne1 O-O 15. a3 Nc6 16. b4 f6 17. f4 fxe5 18. fxe5 Rxf1+ 19. Bxf1 Nxe5 20. Qh5 Ng6 21. Bd3 Be8 22. Nf3 Bf6 23. Re1 Nf8 24. Qh3 Bg6 25. Bxg6 Nxg6 26. Ne5 Bxe5 27. dxe5 Qa6 28. b5 Nf4 29. Bxf4 Qb6+ 30. Be3 d4 31. Bf2 Re8 32. Qd3 Rd8 33. Re4 Qc7 34. Bxd4 Qc1+ 35. Kf2 Rf8+ 36. Kg3 h5 37. h3 Qg5+ 38. Kh2 1-0

[Event "Winnipeg TNT January op"]
[Site "Winnipeg CAN"]
[Date "1999.01.05"]
[Round "1"]
[White "Bays, Derek"]
[Black "Cummer, Jeff"]
[Result "0-1"]
[WhiteElo "1540"]
[BlackElo "1825"]
[PlyCount "100"]
[GameId "2160767911805868"]
[EventDate "1999.01.05"]
[EventType "swiss"]
[EventRounds "4"]
[EventCountry "CAN"]

1. e4 Nf6 2. e5 Nd5 3. Nf3 d6 4. exd6 cxd6 5. d4 Bg4 6. Be2 Nc6 7. Bd2 g6 8. c4 Nf6 9. d5 Bxf3 10. Bxf3 Ne5 11. Qe2 Bg7 12. O-O O-O 13. Bc3 Nfd7 14. Nd2 f5 15. Nb3 Rc8 16. Nd4 Nxf3+ 17. Nxf3 Bxc3 18. bxc3 Nc5 19. Ng5 Rf6 20. Rfe1 h6 21. Nf3 e5 22. dxe6 Rxe6 23. Qd2 Rxe1+ 24. Rxe1 Kg7 25. Qd4+ Kh7 26. Qe3 Rc7 27. Kf1 b6 28. Nd4 Qg8 29. Ne6 Nxe6 30. Qxe6 Qxe6 31. Rxe6 Rd7 32. Ke2 Kg7 33. Kd3 Kf7 34. Re2 Re7 35. Rxe7+ Kxe7 36. Kd4 Ke6 37. g3 g5 38. f4 g4 39. a3 a6 40. a4 h5 41. Ke3 Kd7 42. Kd4 Kc6 43. Ke3 Kc5 44. Kd3 a5 45. Kc2 Kxc4 46. Kb2 b5 47. axb5 Kxb5 48. Ka3 Kc4 49. Kb2 a4 50. Ka3 Kxc3 0-1

[Event "Winnipeg TNT January op"]
[Site "Winnipeg CAN"]
[Date "1999.01.05"]
[Round "1"]
[White "Schulz, Waldemar"]
[Black "Trueman, Francis"]
[Result "1-0"]
[WhiteElo "2085"]
[BlackElo "1564"]
[PlyCount "23"]
[GameId "2160767911805869"]
[EventDate "1999.01.05"]
[EventType "swiss"]
[EventRounds "4"]
[EventCountry "CAN"]

1. Nf3 c6 2. d4 d5 3. c4 dxc4 4. e3 Nf6 5. Bxc4 Bg4 6. Bxf7+ Kxf7 7. Ne5+ Ke8 8. Nxg4 Qa5+ 9. Bd2 Qb5 10. Nxf6+ exf6 11. Bc3 Na6 12. Qe2 1-0

[Event "Winnipeg TNT January op"]
[Site "Winnipeg CAN"]
[Date "1999.01.05"]
[Round "1"]
[White "Wierda, John"]
[Black "Ott, Richard"]
[Result "1-0"]
[WhiteElo "1814"]
[BlackElo "1441"]
[PlyCount "75"]
[GameId "2160767911805870"]
[EventDate "1999.01.05"]
[EventType "swiss"]
[EventRounds "4"]
[EventCountry "CAN"]

1. e4 e5 2. Nf3 Nf6 3. d4 exd4 4. e5 Bb4+ 5. Bd2 Bxd2+ 6. Qxd2 Qe7 7. Be2 Nd5 8. Qxd4 Nb4 9. Qc3 O-O 10. Qxc7 N8c6 11. Na3 Nd5 12. Qd6 Qxd6 13. exd6 Re8 14. Kd2 a6 15. Bc4 Nf4 16. Rhe1 Ne6 17. c3 b5 18. Bb3 Bb7 19. Re3 Nc5 20. Rae1 Nxb3+ 21. axb3 Re6 22. Kc2 h6 23. Rd1 Rae8 24. Rdd3 Nd8 25. Nd4 Rxe3 26. Rxe3 Rxe3 27. fxe3 Bxg2 28. Kd3 Ne6 29. Nxe6 fxe6 30. c4 Bf1+ 31. Kd4 bxc4 32. bxc4 Kf7 33. b4 Bg2 34. e4 Kf6 35. b5 axb5 36. cxb5 Bf1 37. Nc4 g5 38. b6 1-0

[Event "Winnipeg TNT January op"]
[Site "Winnipeg CAN"]
[Date "1999.01.12"]
[Round "2"]
[White "Cummer, Jeff"]
[Black "Milord, Frank"]
[Result "1/2-1/2"]
[WhiteElo "1825"]
[BlackElo "1715"]
[PlyCount "93"]
[GameId "2160767911805871"]
[EventDate "1999.01.05"]
[EventType "swiss"]
[EventRounds "4"]
[EventCountry "CAN"]

1. e4 d6 2. d4 Nf6 3. Nc3 g6 4. Be2 Bg7 5. h4 h5 6. Nf3 Nbd7 7. Bg5 e5 8. dxe5 dxe5 9. Qd2 c6 10. O-O-O Qc7 11. Kb1 O-O 12. Bc4 Nc5 13. Bxf6 Bxf6 14. Qh6 Be6 15. Bxe6 Nxe6 16. g4 Nf4 17. gxh5 Bg7 18. Qg5 Nxh5 19. Rdg1 Rae8 20. Nd1 Qe7 21. Qe3 b6 22. Ng5 Rd8 23. Qb3 Rd7 24. Ne3 Nf4 25. Nf3 Rfd8 26. a3 Kf8 27. h5 Nxh5 28. Ng4 f6 29. Nh4 Nf4 30. Nh6 Bxh6 31. Nf5 Qf7 32. Qxf7+ Kxf7 33. Nxh6+ Ke6 34. Ng4 Rd2 35. f3 R8d7 36. c3 Re2 37. Re1 Rxe1+ 38. Rxe1 Rd3 39. Rf1 f5 40. exf5+ gxf5 41. Nh6 Kf6 42. Kc2 Kg6 43. Ng8 Kf7 44. Nh6+ Kg6 45. Ng8 Kf7 46. Nh6+ Kg6 47. Ng8 1/2-1/2

[Event "Winnipeg TNT January op"]
[Site "Winnipeg CAN"]
[Date "1999.01.12"]
[Round "2"]
[White "Gibbons, Lorne"]
[Black "Wierda, John"]
[Result "1-0"]
[WhiteElo "1360"]
[BlackElo "1814"]
[PlyCount "107"]
[GameId "2160767911805872"]
[EventDate "1999.01.05"]
[EventType "swiss"]
[EventRounds "4"]
[EventCountry "CAN"]

1. d4 Nf6 2. Bg5 c5 3. Bxf6 gxf6 4. d5 Qb6 5. b3 Bg7 6. c3 d6 7. Qc2 O-O 8. e3 f5 9. Bd3 e6 10. dxe6 fxe6 11. Nd2 Nd7 12. Ne2 Qc6 13. e4 Ne5 14. f3 b5 15. a4 Nxd3+ 16. Qxd3 b4 17. Rc1 a5 18. c4 f4 19. g4 fxg3 20. hxg3 e5 21. Qd5+ Qxd5 22. exd5 Bf5 23. g4 Bg6 24. Ng3 Rf4 25. Nh5 Bxh5 26. Rxh5 Raf8 27. Ke2 e4 28. Rf1 exf3+ 29. Rxf3 Rxg4 30. Rxf8+ Bxf8 31. Kf3 Rg1 32. Rh2 Bg7 33. Kf2 Bd4+ 34. Ke2 Be5 35. Rf2 Rg3 36. Nf3 Bg7 37. Kd3 h6 38. Ke4 Rg6 39. Nh4 Rg3 40. Rf3 Rg4+ 41. Rf4 Rg1 42. Nf5 h5 43. Ne7+ Kh7 44. Nc6 Kg6 45. Nxa5 Kg5 46. Rf7 Bf6 47. Rf8 Rh1 48. Rg8+ Kh4 49. Kf5 Rf1+ 50. Ke6 Be5 51. Nc6 Bg3 52. a5 Ra1 53. Ra8 Kg4 54. a6 1-0

[Event "Winnipeg TNT January op"]
[Site "Winnipeg CAN"]
[Date "1999.01.19"]
[Round "3"]
[White "Milord, Frank"]
[Black "Weijs, Harry"]
[Result "1/2-1/2"]
[WhiteElo "1715"]
[BlackElo "1624"]
[PlyCount "85"]
[GameId "2160767911805873"]
[EventDate "1999.01.05"]
[EventType "swiss"]
[EventRounds "4"]
[EventCountry "CAN"]

1. e4 d5 2. exd5 Nf6 3. d4 Bg4 4. f3 Bf5 5. Bb5+ Bd7 6. Bxd7+ Qxd7 7. c4 c6 8. dxc6 Nxc6 9. Ne2 e5 10. d5 Bb4+ 11. Nbc3 Nd4 12. Nxd4 exd4 13. Qxd4 Qe7+ 14. Qe3 Rc8 15. Qxe7+ Kxe7 16. Be3 Rxc4 17. O-O Bxc3 18. bxc3 b6 19. Rfd1 Kd6 20. Rd3 Nd7 21. Bd4 f6 22. Re1 Ne5 23. Rd2 Re8 24. Rde2 Rec8 25. Bxe5+ fxe5 26. Rxe5 Rxc3 27. Re7 R3c7 28. Rxc7 Rxc7 29. Re4 Rc1+ 30. Kf2 Rc2+ 31. Re2 Rxe2+ 32. Kxe2 Kxd5 33. Kd3 Kc5 34. Kc3 b5 35. a3 a5 36. h4 h5 37. g4 hxg4 38. fxg4 Kd5 39. h5 Ke5 40. g5 Kf5 41. h6 gxh6 42. gxh6 Kg6 43. Kd4 1/2-1/2

[Event "Winnipeg TNT January op"]
[Site "Winnipeg CAN"]
[Date "1999.01.19"]
[Round "3"]
[White "Schulz, Waldemar"]
[Black "Gibbons, Lorne"]
[Result "1-0"]
[WhiteElo "2085"]
[BlackElo "1360"]
[PlyCount "23"]
[GameId "2160767911805874"]
[EventDate "1999.01.05"]
[EventType "swiss"]
[EventRounds "4"]
[EventCountry "CAN"]

1. d4 d5 2. c4 Be6 3. Nc3 dxc4 4. e4 f6 5. d5 Bf7 6. Nf3 c6 7. Bxc4 cxd5 8. Nxd5 Qa5+ 9. Bd2 Qc5 10. Rc1 Bxd5 11. Bxd5 Qb6 12. Rc8+ 1-0

[Event "Winnipeg TNT January op"]
[Site "Winnipeg CAN"]
[Date "1999.01.19"]
[Round "3"]
[White "Wierda, John"]
[Black "Cummer, Jeff"]
[Result "1/2-1/2"]
[WhiteElo "1814"]
[BlackElo "1825"]
[PlyCount "135"]
[GameId "2160767911805875"]
[EventDate "1999.01.05"]
[EventType "swiss"]
[EventRounds "4"]
[EventCountry "CAN"]

1. e4 Nf6 2. e5 Nd5 3. d4 d6 4. Nf3 Bg4 5. Bc4 dxe5 6. dxe5 e6 7. h3 Bh5 8. O-O Bxf3 9. Qxf3 c6 10. Qg3 Nd7 11. Re1 Qc7 12. Nd2 Ne7 13. Nf3 O-O-O 14. Ng5 Nf5 15. Qc3 Nc5 16. b4 h6 17. Nf3 Na4 18. Qa3 b5 19. Bd3 Nd4 20. Be4 Nxf3+ 21. Bxf3 Rd4 22. c3 Rd3 23. Re3 Rd7 24. c4 Kb8 25. cxb5 cxb5 26. Bb2 Qc4 27. Re4 Qd3 28. Rc1 Qxa3 29. Bxa3 Be7 30. Rc2 Rhd8 31. Bc1 Rd3 32. a3 Nc3 33. Re1 Rc8 34. Be3 Rc4 35. Rec1 Bg5 36. Bxg5 hxg5 37. Kf1 Kc7 38. a4 Kb6 39. a5+ Kc7 40. Be2 Nxe2 41. Rxc4+ bxc4 42. Rxc4+ Kb7 43. Kxe2 Rd5 44. Re4 Kc6 45. Ke3 Kb5 46. f4 gxf4+ 47. Kxf4 Rd3 48. h4 Rb3 49. g4 Rh3 50. Kg5 Rb3 51. Kf4 a6 52. h5 Rd3 53. g5 Rh3 54. Kg4 Rh1 55. h6 gxh6 56. gxh6 Rxh6 57. Rf4 Rh7 58. Kg5 Kc6 59. Kf6 Kd5 60. Rg4 Rh5 61. Kxf7 Rxe5 62. Ke7 Kc6 63. Rc4+ Kb7 64. Rc5 Re1 65. Kd6 Re4 66. Re5 Rxb4 67. Kxe6 Rb5 68. Kd6 1/2-1/2

[Event "Winnipeg TNT January op"]
[Site "Winnipeg CAN"]
[Date "1999.01.26"]
[Round "4"]
[White "Bays, Derek"]
[Black "Milord, Frank"]
[Result "0-1"]
[WhiteElo "1715"]
[BlackElo "1540"]
[PlyCount "106"]
[GameId "2160767911805876"]
[EventDate "1999.01.05"]
[EventType "swiss"]
[EventRounds "4"]
[EventCountry "CAN"]

1. e4 c5 2. c3 d5 3. exd5 Qxd5 4. d4 cxd4 5. cxd4 Nc6 6. Nf3 Bg4 7. Be2 e6 8. Nc3 Bb4 9. O-O Bxc3 10. bxc3 Nge7 11. Qc2 Bf5 12. Bd3 Bxd3 13. Qxd3 Na5 14. Re1 Nc4 15. Ng5 Ng6 16. Qh3 Nf8 17. Bf4 h6 18. Qf3 Qxf3 19. Nxf3 g5 20. Bd2 Nd7 21. Re2 O-O-O 22. Bc1 Ndb6 23. Ne5 Nxe5 24. Rxe5 Rd7 25. Rc5+ Rc7 26. Ba3 Nc4 27. Rxc7+ Kxc7 28. Be7 f5 29. Bf6 Rh7 30. Re1 Kd6 31. Kf1 Rf7 32. Be5+ Kd5 33. Re2 b5 34. Ke1 f4 35. f3 Rb7 36. Kd1 Ne3+ 37. Kd2 Kc4 38. Bd6 Rd7 39. Bf8 e5 40. Bc5 exd4 41. Bxd4 Nf5 42. Kc2 Nxd4+ 43. cxd4 Rd6 44. Kb2 Kxd4 45. Rc2 a5 46. a4 Rb6 47. Kb3 b4 48. Rd2+ Ke3 49. Rc2 Rd6 50. Rc5 Rd3+ 51. Kc4 Rc3+ 52. Kb5 Rxc5+ 53. Kxc5 b3 0-1

[Event "Winnipeg TNT January op"]
[Site "Winnipeg CAN"]
[Date "1999.01.26"]
[Round "4"]
[White "Cummer, Jeff"]
[Black "Gibbons, Lorne"]
[Result "1-0"]
[WhiteElo "1825"]
[BlackElo "1360"]
[PlyCount "47"]
[GameId "2160767911805877"]
[EventDate "1999.01.05"]
[EventType "swiss"]
[EventRounds "4"]
[EventCountry "CAN"]

1. e4 e6 2. d4 d5 3. Nd2 Nc6 4. c3 dxe4 5. Nxe4 Bd6 6. Nf3 f6 7. Nh4 Nge7 8. Bd3 e5 9. d5 Nb8 10. Qh5+ Kd7 11. Bh6 Qf8 12. Nxd6 Kxd6 13. Be3 f5 14. b4 b6 15. f4 e4 16. Bc4 g6 17. Qe2 Qf6 18. Bd4 Qf8 19. Be5+ Kd7 20. Bb5+ c6 21. dxc6+ Nexc6 22. Rd1+ Ke8 23. Qd2 Be6 24. Qd8+ 1-0

[Event "Winnipeg TNT January op"]
[Site "Winnipeg CAN"]
[Date "1999.01.26"]
[Round "4"]
[White "Weijs, Harry"]
[Black "Wierda, John"]
[Result "1/2-1/2"]
[WhiteElo "1624"]
[BlackElo "1814"]
[PlyCount "93"]
[GameId "2160767911805878"]
[EventDate "1999.01.05"]
[EventType "swiss"]
[EventRounds "4"]
[EventCountry "CAN"]

1. d4 Nf6 2. Nf3 c5 3. d5 e6 4. c4 exd5 5. cxd5 d6 6. Nc3 g6 7. e4 a6 8. a4 Bg7 9. h3 O-O 10. Be2 Re8 11. Qc2 Qe7 12. O-O Nbd7 13. Bg5 Ne5 14. Nxe5 Qxe5 15. Bxf6 Qxf6 16. Rad1 Re5 17. f4 Re7 18. e5 Qh4 19. Qd3 Bf5 20. Qf3 dxe5 21. d6 e4 22. Qf2 Qxf2+ 23. Kxf2 Rd7 24. g4 Bd4+ 25. Kg3 Be6 26. Rxd4 cxd4 27. Nxe4 Bd5 28. Nf6+ Kg7 29. Nxd7 Rd8 30. Nb6 Bc6 31. d7 Bxd7 32. Nxd7 Rxd7 33. Rd1 Re7 34. Bf3 Rd7 35. Rd3 Kf8 36. g5 f5 37. gxf6 Kf7 38. Rb3 Kxf6 39. Bxb7 d3 40. Bxa6 d2 41. Be2 d1=Q 42. Bxd1 Rxd1 43. Re3 Rg1+ 44. Kf2 Ra1 45. b3 Kf5 46. Kg3 Rg1+ 47. Kf2 1/2-1/2

[Event "Winnipeg TNT July op"]
[Site "Winnipeg CAN"]
[Date "1999.07.06"]
[Round "1"]
[White "Federkevic, Danny"]
[Black "Hanrahan, Nigel"]
[Result "1-0"]
[WhiteElo "1950"]
[BlackElo "1632"]
[PlyCount "54"]
[GameId "2160767911742975"]
[EventDate "1999.07.06"]
[EventType "swiss"]
[EventRounds "4"]
[EventCountry "CAN"]

1. e4 c6 2. d4 d5 3. exd5 cxd5 4. c4 e6 5. Nf3 Nc6 6. Nc3 Nf6 7. Bg5 Be7 8. Be2 O-O 9. O-O dxc4 10. Bxc4 Na5 11. Bd3 Nd5 12. Bxe7 Nxe7 13. Qe2 Ng6 14. Qe4 f5 15. Qe3 Qf6 16. Rfe1 Bd7 17. b4 Nc6 18. a3 f4 19. Qe4 Qf5 20. Qe2 Qf6 21. Ne4 Qe7 22. Nc5 Nd8 23. d5 Re8 24. Bc4 Kf7 25. dxe6+ Bxe6 26. Nxe6 Nxe6 27. Bxe6+ Kf6 1-0

[Event "Winnipeg TNT July op"]
[Site "Winnipeg CAN"]
[Date "1999.07.06"]
[Round "1"]
[White "Klokow, John"]
[Black "Trueman, Francis"]
[Result "1-0"]
[WhiteElo "1722"]
[BlackElo "1435"]
[PlyCount "33"]
[GameId "2160767911742976"]
[EventDate "1999.07.06"]
[EventType "swiss"]
[EventRounds "4"]
[EventCountry "CAN"]
[SourceTitle "EXT 2022"]
[Source "ChessBase"]
[SourceDate "2021.10.06"]
[SourceVersion "1"]
[SourceVersionDate "2021.10.06"]
[SourceQuality "1"]

1. e4 c6 2. d4 d5 3. exd5 cxd5 4. c4 Nf6 5. Nc3 Be6 6. Bg5 Nc6 7. Nf3 dxc4 8. Bxf6 exf6 9. d5 Bxd5 10. Qxd5 Qc7 11. Bxc4 Bd6 12. O-O O-O-O 13. Qxf7 Rd7 14. Be6 Bxh2+ 15. Nxh2 Ne5 16. Bxd7+ Nxd7 17. Rac1 1-0

[Event "Winnipeg TNT July op"]
[Site "Winnipeg CAN"]
[Date "1999.07.06"]
[Round "1"]
[White "Moffat, Ron"]
[Black "Babb, Jeff"]
[Result "0-1"]
[WhiteElo "1670"]
[BlackElo "2252"]
[PlyCount "36"]
[GameId "2160767911742977"]
[EventDate "1999.07.06"]
[EventType "swiss"]
[EventRounds "4"]
[EventCountry "CAN"]
[SourceTitle "EXT 2022"]
[Source "ChessBase"]
[SourceDate "2021.10.06"]
[SourceVersion "1"]
[SourceVersionDate "2021.10.06"]
[SourceQuality "1"]

1. d4 Nf6 2. c4 c5 3. d5 b5 4. cxb5 a6 5. e3 axb5 6. Bxb5 Qa5+ 7. Nc3 Bb7 8. Bc4 e6 9. Bd2 Qb6 10. e4 Nxe4 11. Nxe4 exd5 12. Nxc5 Bxc5 13. Qe2+ Kd8 14. Qg4 dxc4 15. Qxg7 Re8+ 16. Ne2 Qg6 17. Qc3 Bxf2+ 18. Kd1 Bxg2 0-1

[Event "Winnipeg TNT July op"]
[Site "Winnipeg CAN"]
[Date "1999.07.06"]
[Round "1"]
[White "Nikouline, Alexandre"]
[Black "Lafreniere, Adrian"]
[Result "1-0"]
[WhiteElo "2087"]
[BlackElo "1661"]
[PlyCount "45"]
[GameId "2160767911742978"]
[EventDate "1999.07.06"]
[EventType "swiss"]
[EventRounds "4"]
[EventCountry "CAN"]
[SourceTitle "EXT 2022"]
[Source "ChessBase"]
[SourceDate "2021.10.06"]
[SourceVersion "1"]
[SourceVersionDate "2021.10.06"]
[SourceQuality "1"]

1. e4 d6 2. d4 e6 3. Bd3 Be7 4. Nf3 Nc6 5. c4 Nf6 6. O-O O-O 7. a3 b6 8. Qc2 Bb7 9. e5 dxe5 10. dxe5 Nd7 11. Bxh7+ Kh8 12. Be4 Rb8 13. Rd1 Qe8 14. Qc3 Nc5 15. Bc2 f6 16. b4 Nd7 17. Qd3 Qh5 18. Qxd7 Nxe5 19. Nxe5 Qxe5 20. Qxe7 Qxa1 21. Qxe6 Qa2 22. Qh3+ Kg8 23. Bg6 1-0

[Event "Winnipeg TNT July op"]
[Site "Winnipeg CAN"]
[Date "1999.07.06"]
[Round "1"]
[White "Weijs, Harry"]
[Black "Schulz, Waldemar"]
[Result "0-1"]
[WhiteElo "1637"]
[BlackElo "2048"]
[PlyCount "66"]
[GameId "2160767911742979"]
[EventDate "1999.07.06"]
[EventType "swiss"]
[EventRounds "4"]
[EventCountry "CAN"]
[SourceTitle "EXT 2022"]
[Source "ChessBase"]
[SourceDate "2021.10.06"]
[SourceVersion "1"]
[SourceVersionDate "2021.10.06"]
[SourceQuality "1"]

1. d4 Nf6 2. Nf3 g6 3. Bg5 Bg7 4. Nbd2 d5 5. c3 c5 6. Bxf6 Bxf6 7. e3 Nd7 8. Qa4 O-O 9. b4 Nb6 10. Qc2 Bf5 11. Bd3 cxd4 12. Bxf5 dxc3 13. Nb3 gxf5 14. Qxf5 Qc8 15. Qc2 Qc4 16. h4 Qe4 17. Rc1 Qxc2 18. Rxc2 Na4 19. g4 e5 20. Ke2 Rfd8 21. Rd1 Nb2 22. Rdc1 d4 23. exd4 exd4 24. Nbxd4 Bxd4 25. Nxd4 Rxd4 26. f3 Re8+ 27. Kf1 Nd1 28. Re2 Red8 29. Ke1 Kf8 30. Re4 Rd2 31. Rc4 Rh2 32. Rxd1 Rh1+ 33. Ke2 Rhxd1 0-1